[Event "Abitibi-Temiscamingue ch"]
[Site "Abitibi CAN"]
[Date "1997.03.09"]
[Round "1"]
[White "Gagnon, Serge"]
[Black "Gagnon, Fabien"]
[Result "1-0"]
[WhiteElo "1987"]
[BlackElo "2024"]
[PlyCount "79"]
[GameId "2160767911966326"]
[EventDate "1997.03.09"]
[EventType "tourn"]
[EventRounds "5"]
[EventCountry "CAN"]

1. d4 Nf6 2. c4 e6 3. Nf3 Bb4+ 4. Bd2 a5 5. Nc3 O-O 6. Qc2 d5 7. a3 Bxc3 8. bxc3 Qe7 9. Bg5 c5 10. e3 h6 11. Bh4 cxd4 12. cxd4 g5 13. Bg3 Ne4 14. Bd3 f5 15. Bxe4 fxe4 16. Nd2 Nd7 17. Qb3 Nf6 18. O-O a4 19. Qb5 Qd8 20. Rfc1 Bd7 21. Qxb7 Qa5 22. Qb2 Bc6 23. Qc3 dxc4 24. Qxa5 Rxa5 25. Bd6 Re8 26. Nxc4 Rd5 27. Be5 Ng4 28. Nb6 Rxe5 29. dxe5 Nxe5 30. Rc5 Bd5 31. Nxd5 exd5 32. Rxd5 Nd3 33. Rd4 Nc5 34. Rc4 Re5 35. Rd1 Kf7 36. Rd6 h5 37. f3 exf3 38. gxf3 Rf5 39. e4 Re5 40. Rd5 1-0

[Event "Abitibi-Temiscamingue ch"]
[Site "Abitibi CAN"]
[Date "1997.03.13"]
[Round "2"]
[White "Gagnon, Fabien"]
[Black "Cote, Etienne"]
[Result "0-1"]
[WhiteElo "2024"]
[BlackElo "1952"]
[PlyCount "72"]
[GameId "2160767911966327"]
[EventDate "1997.03.09"]
[EventType "tourn"]
[EventRounds "5"]
[EventCountry "CAN"]

1. e4 e6 2. d4 d5 3. Nd2 Nf6 4. e5 Nfd7 5. Bd3 c5 6. c3 Nc6 7. Ne2 Qb6 8. Nf3 cxd4 9. cxd4 f6 10. exf6 Nxf6 11. O-O Bd6 12. Bd2 O-O 13. Bc3 Bd7 14. Ne5 Bxe5 15. dxe5 Ng4 16. Nd4 Ncxe5 17. Bc2 h5 18. h3 Nf6 19. Nf5 Nc6 20. Nd4 Ne5 21. Qe2 Nc4 22. b3 Nd6 23. a4 Nde4 24. Bb2 Rae8 25. a5 Qc7 26. Bd3 e5 27. Nf3 Bc6 28. Nxe5 Rxe5 29. Bxe5 Qxe5 30. b4 a6 31. b5 axb5 32. Bxb5 Qd6 33. Bxc6 Qxc6 34. Rfc1 Qd6 35. Rcb1 Qd7 36. Qb2 Nd6 0-1

[Event "Abitibi-Temiscamingue ch"]
[Site "Abitibi CAN"]
[Date "1997.03.15"]
[Round "3"]
[White "Lecomte, Andre"]
[Black "Gagnon, Fabien"]
[Result "0-1"]
[WhiteElo "1815"]
[BlackElo "2024"]
[PlyCount "88"]
[GameId "2160767911966328"]
[EventDate "1997.03.09"]
[EventType "tourn"]
[EventRounds "5"]
[EventCountry "CAN"]

1. e4 d5 2. exd5 Nf6 3. c4 c6 4. d4 cxd5 5. Nf3 Nc6 6. Be2 g6 7. O-O Bg7 8. Nc3 O-O 9. Bf4 Bg4 10. c5 Ne4 11. Be3 f5 12. Qb3 f4 13. Bc1 Kh8 14. Qxb7 Na5 15. Qb4 Rb8 16. Qa4 Bd7 17. Qc2 Bf5 18. Qd1 e6 19. Bd3 Nc6 20. Re1 Nxd4 21. Nxe4 dxe4 22. Bxe4 Bg4 23. h3 Bh5 24. Qd3 Nxf3+ 25. gxf3 Qh4 26. c6 Rbd8 27. Qf1 Bd4 28. Rb1 Qg3+ 29. Kh1 Bxf2 30. Re2 Bxf3+ 31. Bxf3 Qxf3+ 32. Kh2 Bg3+ 33. Kg1 Qxc6 34. b4 f3 35. Bb2+ Kg8 36. Rf2 Qb6 37. Qe1 Rd5 38. Kf1 Rfd8 39. Bf6 Bxf2 40. Bxd8 Qxd8 41. Qxe6+ Kg7 42. Kxf2 Rd2+ 43. Kxf3 Qd3+ 44. Qe3 Qf5+ 0-1

[Event "Abitibi-Temiscamingue ch"]
[Site "Abitibi CAN"]
[Date "1997.03.15"]
[Round "4"]
[White "Gagnon, Fabien"]
[Black "Saint-Pierre, Gilles"]
[Result "1-0"]
[WhiteElo "2024"]
[BlackElo "1939"]
[PlyCount "93"]
[GameId "2160767911966329"]
[EventDate "1997.03.09"]
[EventType "tourn"]
[EventRounds "5"]
[EventCountry "CAN"]

1. e4 e6 2. d4 d5 3. Nd2 Nf6 4. e5 Nfd7 5. Bd3 c5 6. c3 Nc6 7. Ne2 cxd4 8. cxd4 Qb6 9. Nf3 f6 10. exf6 Bb4+ 11. Bd2 Nxf6 12. O-O O-O 13. Bc3 Bd6 14. Ng3 Bf4 15. Ne5 Bxg3 16. hxg3 Qd8 17. Qe2 Qe8 18. g4 Bd7 19. Rae1 Rd8 20. Bc2 Bc8 21. Qd3 Ne4 22. f3 Nxe5 23. dxe5 Ng5 24. Bd2 Qe7 25. Bxg5 Qxg5 26. Qxh7+ Kf7 27. f4 Qxg4 28. f5 exf5 29. Bxf5 Qd4+ 30. Rf2 Bxf5 31. Qxf5+ Ke7 32. Qg5+ Kd7 33. Qxg7+ Kc8 34. Rc1+ Kb8 35. Qc7+ Ka8 36. Qc5 Qxc5 37. Rxc5 Rxf2 38. Kxf2 b6 39. Rc1 Re8 40. Re1 Kb7 41. e6 Kc6 42. Re2 d4 43. Ke1 Kd5 44. e7 d3 45. Re3 Kd4 46. Kd2 Kc4 47. Re4+ 1-0

[Event "Abitibi-Temiscamingue ch"]
[Site "Abitibi CAN"]
[Date "1997.02.16"]
[Round "5"]
[White "Gagnon, Fabien"]
[Black "Cossette, Daniel"]
[Result "1/2-1/2"]
[WhiteElo "2024"]
[BlackElo "1971"]
[PlyCount "189"]
[GameId "2160767911966330"]
[EventDate "1997.03.09"]
[EventType "tourn"]
[EventRounds "5"]
[EventCountry "CAN"]

1. e4 c5 2. Nf3 Nc6 3. Bb5 e6 4. O-O Nge7 5. c3 a6 6. Ba4 b5 7. Bc2 Ng6 8. d4 cxd4 9. cxd4 d5 10. e5 Be7 11. a3 Na5 12. b3 Bd7 13. Bd2 O-O 14. Ne1 f6 15. f4 fxe5 16. fxe5 Rxf1+ 17. Kxf1 Qb6 18. Bxa5 Qxa5 19. Nd2 Rf8+ 20. Ndf3 Be8 21. Nd3 Nh4 22. Nde1 Bh5 23. Qd3 g6 24. Bd1 Nxf3 25. Nxf3 Bxf3 26. Bxf3 Rc8 27. Bg4 Rc6 28. h4 Qc7 29. h5 gxh5 30. Bd1 Bg5 31. a4 Rc3 32. Qe2 Qf7+ 33. Kg1 Be3+ 34. Kh1 Qf2 35. Qxf2 Bxf2 36. axb5 axb5 37. Bxh5 Bxd4 38. Rf1 Bxe5 39. Bf7+ Kg7 40. Bxe6 d4 41. g3 Rxg3 42. b4 d3 43. Bd7 d2 44. Bxb5 Re3 45. Ba4 Re1 46. Kg2 h5 47. Rh1 h4 48. Rxh4 d1=Q 49. Bxd1 Rxd1 50. Kf3 Rb1 51. Rc4 Bd6 52. Re4 Kf6 53. Ke2 Bxb4 54. Kd3 Bd6 55. Kc2 Rh1 56. Re8 Kf5 57. Kd3 Rh3+ 58. Re3 Rh6 59. Re8 Be5 60. Rf8+ Ke6 61. Ra8 Rh3+ 62. Ke4 Rh4+ 63. Kd3 Kf5 64. Rf8+ Bf6 65. Ra8 Rd4+ 66. Ke3 Rd5 67. Ra2 Bg5+ 68. Ke2 Rd4 69. Ra5+ Kf4 70. Ra8 Kg4 71. Ra2 Bf4 72. Rc2 Kf5 73. Rc5+ Ke4 74. Rc2 Ra4 75. Rb2 Be3 76. Rc2 Ra5 77. Rc4+ Bd4 78. Rc8 Ra2+ 79. Kf1 Be3 80. Rf8 Bf4 81. Ke1 Kf3 82. Kd1 Rd2+ 83. Ke1 Rd5 84. Rf7 Rc5 85. Rd7 Rc1+ 86. Rd1 Rc2 87. Rd7 Bg5 88. Rd5 Be3 89. Rd7 Ke4 90. Re7+ Kd3 91. Rd7+ Bd4 92. Kf1 Rh2 93. Rd8 Ke3 94. Re8+ Kd2 95. Re2+ 1/2-1/2

[Event "Albert Boxer Classic"]
[Site "Winnipeg CAN"]
[Date "1997.08.30"]
[Round "1"]
[White "Baragar, Fletcher"]
[Black "Walker, Erin"]
[Result "0-1"]
[WhiteElo "2357"]
[BlackElo "1664"]
[PlyCount "110"]
[GameId "2160767911932098"]
[EventDate "1997.08.30"]
[EventType "swiss"]
[EventRounds "6"]
[EventCountry "CAN"]
[SourceTitle "EXT 2001"]
[Source "ChessBase"]
[SourceDate "2000.11.22"]
[SourceVersion "1"]
[SourceVersionDate "2000.11.22"]
[SourceQuality "1"]

1. e4 e6 2. d4 d5 3. exd5 exd5 4. Nf3 Nf6 5. Bd3 Be7 6. O-O Bg4 7. Bf4 Nc6 8. c3 Qd7 9. Nbd2 O-O 10. Qc2 h6 11. Rfe1 Nh5 12. Be5 Be6 13. h3 Nxe5 14. Nxe5 Qd6 15. Ndf3 Rae8 16. Rad1 Bd8 17. Re3 Nf4 18. Bf5 g6 19. Bxe6 Rxe6 20. Rde1 Rfe8 21. Qd2 h5 22. Nd3 Rxe3 23. Rxe3 Rxe3 24. Qxe3 Nxd3 25. Qxd3 a6 26. Ne5 Kg7 27. Qf3 Bf6 28. Qe3 c5 29. Nf3 c4 30. Kf1 b5 31. b4 Qd7 32. a3 Qf5 33. Qd2 Qb1+ 34. Ke2 Qa1 35. Qc2 Qxa3 36. Kd2 a5 37. bxa5 Qxa5 38. Qb2 Qa6 39. Kd1 Qa5 40. Kd2 Be7 41. Qc2 Qa1 42. Qc1 Qa5 43. Qb2 b4 44. Kc2 Qa4+ 45. Kc1 b3 46. Kb1 Qd7 47. Qe2 Bd6 48. g3 Qxh3 49. Kb2 Qd7 50. Kb1 Qe7 51. Qxe7 Bxe7 52. Ne5 g5 53. Nd7 h4 54. gxh4 gxh4 55. Ne5 h3 0-1

[Event "Albert Boxer Classic"]
[Site "Winnipeg CAN"]
[Date "1997.08.30"]
[Round "1"]
[White "Gajardo, Alex"]
[Black "Roque, Rodolfo"]
[Result "0-1"]
[WhiteElo "1638"]
[BlackElo "2043"]
[PlyCount "50"]
[GameId "2160767911932099"]
[EventDate "1997.08.30"]
[EventType "swiss"]
[EventRounds "6"]
[EventCountry "CAN"]

1. d4 d6 2. e4 Nd7 3. c4 e5 4. d5 Ngf6 5. Nc3 Be7 6. f3 Nf8 7. Be3 a6 8. Nge2 Ng6 9. Ng3 O-O 10. Bd3 Re8 11. O-O h6 12. Qd2 Nh7 13. Rac1 Bg5 14. Nce2 b6 15. a3 Be7 16. b4 Bb7 17. c5 bxc5 18. bxc5 c6 19. dxc6 Bxc6 20. Nf5 dxc5 21. Nxe7+ Rxe7 22. Bxc5 Rd7 23. Rfd1 Bb5 24. Rc3 Rc8 25. Bb6 Qxb6+ 0-1

[Event "Albert Boxer Classic"]
[Site "Winnipeg CAN"]
[Date "1997.08.30"]
[Round "1"]
[White "Kaptsan, Aron"]
[Black "Plocek, Jaroslav"]
[Result "1-0"]
[WhiteElo "2245"]
[BlackElo "1659"]
[PlyCount "47"]
[GameId "2160767911932100"]
[EventDate "1997.08.30"]
[EventType "swiss"]
[EventRounds "6"]
[EventCountry "CAN"]
[SourceTitle "EXT 2001"]
[Source "ChessBase"]
[SourceDate "2000.11.22"]
[SourceVersion "1"]
[SourceVersionDate "2000.11.22"]
[SourceQuality "1"]

1. d4 d5 2. c4 c6 3. e3 Nf6 4. Nf3 Bg4 5. h3 Bxf3 6. Qxf3 e6 7. Nc3 Be7 8. Bd3 dxc4 9. Bxc4 Nbd7 10. O-O O-O 11. Rd1 Nb6 12. Bb3 Nbd5 13. Ne2 Qc7 14. e4 Nb6 15. Bf4 Qd7 16. Rac1 Rac8 17. Ng3 Rfd8 18. Be3 Kh8 19. e5 Nfd5 20. Qxf7 Rf8 21. Qh5 Nxe3 22. fxe3 Nd5 23. Bc2 h6 24. Qg6 1-0

[Event "Albert Boxer Classic"]
[Site "Winnipeg CAN"]
[Date "1997.08.30"]
[Round "1"]
[White "Schulz, Waldemar"]
[Black "Lipnowski, Michael"]
[Result "1-0"]
[WhiteElo "2024"]
[BlackElo "1573"]
[PlyCount "69"]
[GameId "2160767911932101"]
[EventDate "1997.08.30"]
[EventType "swiss"]
[EventRounds "6"]
[EventCountry "CAN"]

1. d4 Nf6 2. Nf3 g6 3. c4 Bg7 4. Nc3 d6 5. e4 O-O 6. Be2 e5 7. O-O Nc6 8. d5 Ne7 9. Ne1 Ne8 10. Be3 f5 11. f3 f4 12. Bf2 g5 13. c5 Nf6 14. Rc1 Ng6 15. cxd6 cxd6 16. Nb5 Rf7 17. Nxa7 Bd7 18. a3 Bf8 19. Nb5 Rc8 20. Rxc8 Bxc8 21. Qc2 h5 22. Nd3 g4 23. Rc1 Bd7 24. Qc7 Qxc7 25. Nxc7 gxf3 26. gxf3 Bh3 27. Bf1 Bxf1 28. Kxf1 Nh7 29. Ne6 Be7 30. Ke2 Nhf8 31. Nxf8 Bxf8 32. a4 Be7 33. b4 Bd8 34. Rc8 Rd7 35. Bb6 1-0

[Event "Albert Boxer Classic"]
[Site "Winnipeg CAN"]
[Date "1997.08.30"]
[Round "1"]
[White "Zinderine, Geoff"]
[Black "Gannon, Keith"]
[Result "1-0"]
[WhiteElo "1654"]
[BlackElo "1678"]
[PlyCount "85"]
[GameId "2160767911932103"]
[EventDate "1997.08.30"]
[EventType "swiss"]
[EventRounds "6"]
[EventCountry "CAN"]
[SourceTitle "EXT 2001"]
[Source "ChessBase"]
[SourceDate "2000.11.22"]
[SourceVersion "1"]
[SourceVersionDate "2000.11.22"]
[SourceQuality "1"]

1. e4 c5 2. Nf3 d6 3. d4 cxd4 4. Nxd4 Nf6 5. Nc3 a6 6. Be2 g6 7. Be3 Bg7 8. f3 O-O 9. Qd2 Bd7 10. g4 Nc6 11. h4 Qc7 12. h5 b5 13. hxg6 fxg6 14. Bh6 Rf7 15. Bxg7 Rxg7 16. O-O-O Nxd4 17. Qxd4 Be6 18. Nd5 Nxd5 19. exd5 Rc8 20. Bd3 Bf7 21. Rd2 Qc5 22. Be4 Qxd4 23. Rxd4 Be8 24. f4 Bd7 25. f5 gxf5 26. Bxf5 Bxf5 27. gxf5 Rf8 28. Rf4 Rf6 29. b3 Rg5 30. Re1 Kf8 31. Ref1 h5 32. Kb2 Rg4 33. Ka3 Rg2 34. R1f2 Rg1 35. Kb4 Rd1 36. c4 bxc4 37. bxc4 Rh1 38. Ka5 h4 39. Kxa6 h3 40. Rh4 Ke8 41. a4 Kd7 42. Rb2 Rxf5 43. Rh8 1-0

[Event "Albert Boxer Classic"]
[Site "Winnipeg CAN"]
[Date "1997.08.30"]
[Round "2"]
[White "Baragar, Fletcher"]
[Black "Klokow, John"]
[Result "1-0"]
[WhiteElo "2357"]
[BlackElo "1761"]
[PlyCount "59"]
[GameId "2160767911932104"]
[EventDate "1997.08.30"]
[EventType "swiss"]
[EventRounds "6"]
[EventCountry "CAN"]

1. e4 e5 2. Nf3 Nc6 3. d4 exd4 4. Nxd4 Bc5 5. Be3 Nxd4 6. Bxd4 Bxd4 7. Qxd4 Nf6 8. e5 Qe7 9. Be2 c5 10. exf6 Qxe2+ 11. Kxe2 cxd4 12. fxg7 Rg8 13. Rd1 Rxg7 14. g3 b6 15. Rxd4 Ba6+ 16. Kd2 Bb7 17. Nc3 Rg6 18. Re1+ Re6 19. Rh4 Rxe1 20. Kxe1 Ke7 21. Rxh7 Bf3 22. Rh4 Re8 23. Kd2 Ke6 24. Nb5 Ke5 25. Rf4 Bh5 26. Nxa7 Kd5 27. Rf5+ Re5 28. c4+ Ke4 29. Rxe5+ Kxe5 30. Nc8 1-0

[Event "Albert Boxer Classic"]
[Site "Winnipeg CAN"]
[Date "1997.08.30"]
[Round "2"]
[White "Costales, Servillano"]
[Black "Hanrahan, Nigel"]
[Result "0-1"]
[WhiteElo "1753"]
[BlackElo "1662"]
[PlyCount "150"]
[GameId "2160767911932105"]
[EventDate "1997.08.30"]
[EventType "swiss"]
[EventRounds "6"]
[EventCountry "CAN"]

1. e4 c5 2. Nf3 d6 3. Bc4 e6 4. d4 cxd4 5. Nxd4 Nf6 6. Bd3 Nc6 7. c3 d5 8. Nd2 Bd7 9. exd5 Nxd4 10. cxd4 Nxd5 11. Nc4 Be7 12. O-O O-O 13. a3 Bb5 14. b3 Bf6 15. Qh5 g6 16. Qg4 Bxc4 17. bxc4 Nb6 18. Be3 Rc8 19. Rfc1 Qd7 20. Qf4 Bg7 21. Rab1 Rfd8 22. d5 exd5 23. Bxb6 axb6 24. Rxb6 dxc4 25. Bf1 c3 26. Qf3 Qd2 27. Rxb7 Qd5 28. Be2 c2 29. Qxd5 Rxd5 30. g3 Bh6 31. f4 Bg7 32. Rb3 Bd4+ 33. Kf1 Rdc5 34. Bg4 R8c7 35. Ke2 h5 36. Bf3 Rc3 37. Rxc3 Rxc3 38. Bd5 Be3 39. Rxc2 Rxc2+ 40. Kxe3 Rc3+ 41. Ke4 Rxa3 42. Ke5 Ra5 43. Kd4 Kg7 44. Bc4 Kf6 45. Ke3 Ra1 46. Kf3 Ra3+ 47. Kg2 Rc3 48. Bd5 Ke7 49. Kh3 f6 50. Be4 Kf7 51. Kh4 Re3 52. Bd5+ Kg7 53. Bb7 Kh6 54. Bc6 Re2 55. Kh3 g5 56. fxg5+ fxg5 57. g4 Re3+ 58. Kg2 hxg4 59. Kf2 Rc3 60. Be8 Rf3+ 61. Kg2 Rf8 62. Bb5 Kh5 63. Be2 Kh4 64. Bd1 Rd8 65. Bb3 Rd2+ 66. Kg1 g3 67. hxg3+ Kxg3 68. Kf1 g4 69. Be6 Kh4 70. Kg1 g3 71. Bc8 Kg5 72. Bb7 Kg4 73. Bc8+ Kf4 74. Bb7 g2 75. Bxg2 Kg3 0-1

[Event "Albert Boxer Classic"]
[Site "Winnipeg CAN"]
[Date "1997.08.30"]
[Round "2"]
[White "Czarny, Keith"]
[Black "Schulz, Waldemar"]
[Result "0-1"]
[WhiteElo "1709"]
[BlackElo "2024"]
[PlyCount "47"]
[GameId "2160767911932106"]
[EventDate "1997.08.30"]
[EventType "swiss"]
[EventRounds "6"]
[EventCountry "CAN"]

1. Nc3 d5 2. g3 e5 3. d3 Nf6 4. Bg2 c6 5. Nf3 Bd6 6. O-O O-O 7. Bd2 Re8 8. e3 Nbd7 9. Ne2 Nf8 10. c4 Bf5 11. cxd5 cxd5 12. Qb3 Qd7 13. Rfc1 Rac8 14. Nh4 Be6 15. d4 e4 16. Bh1 g5 17. Ng2 Ng6 18. Nc3 Ne7 19. Rc2 Rc4 20. Rac1 Rb4 21. Nxe4 dxe4 22. Qxb4 Bxb4 23. Bxb4 Nc6 24. Ne1 0-1

[Event "Albert Boxer Classic"]
[Site "Winnipeg CAN"]
[Date "1997.08.30"]
[Round "2"]
[White "Roque, Rodolfo"]
[Black "Walker, Bob"]
[Result "1-0"]
[WhiteElo "2043"]
[BlackElo "1722"]
[PlyCount "91"]
[GameId "2160767911932107"]
[EventDate "1997.08.30"]
[EventType "swiss"]
[EventRounds "6"]
[EventCountry "CAN"]

1. e4 e6 2. d4 d5 3. Bd3 c5 4. c3 Nc6 5. Nf3 Qb6 6. exd5 exd5 7. O-O cxd4 8. Re1+ Be7 9. b3 dxc3 10. Nxc3 Nf6 11. Bb5 Qc5 12. Qe2 Be6 13. Na4 Qd6 14. Ne5 O-O 15. Bb2 Rac8 16. Rad1 Nd7 17. Nc4 Qf4 18. Ne3 Qg5 19. f4 Qxf4 20. Nxd5 Qh4 21. g3 Qg5 22. Bc1 Bg4 23. Nxe7+ Qxe7 24. Qxg4 Nde5 25. Qf4 f6 26. Be3 Qc7 27. Bc4+ Nxc4 28. Qxc4+ Kh8 29. Bf4 Qf7 30. Qxf7 Rxf7 31. a3 g6 32. Rd6 Kg7 33. b4 Rcf8 34. Red1 Ne5 35. Nc5 Re8 36. Ne6+ Kg8 37. Rd8 Rfe7 38. Rxe8+ Rxe8 39. Rd8 Rxd8 40. Nxd8 b6 41. Bxe5 fxe5 42. Nc6 Kf7 43. Nxa7 Ke6 44. Nc8 b5 45. Na7 Kd5 46. Nxb5 1-0

[Event "Albert Boxer Classic"]
[Site "Winnipeg CAN"]
[Date "1997.08.30"]
[Round "2"]
[White "Williams, Brian"]
[Black "Kaptsan, Aron"]
[Result "0-1"]
[WhiteElo "1768"]
[BlackElo "2245"]
[PlyCount "130"]
[GameId "2160767911932108"]
[EventDate "1997.08.30"]
[EventType "swiss"]
[EventRounds "6"]
[EventCountry "CAN"]
[SourceTitle "EXT 2001"]
[Source "ChessBase"]
[SourceDate "2000.11.22"]
[SourceVersion "1"]
[SourceVersionDate "2000.11.22"]
[SourceQuality "1"]

1. Nf3 c5 2. d3 d5 3. g3 g6 4. Bg2 Bg7 5. O-O e6 6. c3 Ne7 7. Nbd2 O-O 8. Re1 Nbc6 9. e4 b6 10. Qc2 Ba6 11. Bf1 dxe4 12. dxe4 Bxf1 13. Nxf1 Qd7 14. Be3 Rfd8 15. Red1 Qb7 16. Rd2 Qa6 17. a3 Rxd2 18. N1xd2 Rd8 19. Nf1 Qd3 20. Qxd3 Rxd3 21. Ne1 Rd8 22. f4 e5 23. Kf2 f5 24. exf5 Nxf5 25. fxe5 Nxe5 26. Bf4 Nc4 27. Rb1 Bf6 28. Nf3 Rd7 29. h4 h5 30. N1d2 Nxd2 31. Nxd2 Kf7 32. Re1 Nxh4 33. Ne4 Nf5 34. Nxf6 Kxf6 35. Re8 Nd6 36. Rf8+ Kg7 37. Ra8 Nc4 38. b4 Nxa3 39. bxc5 bxc5 40. Rc8 c4 41. Bc1 Nb5 42. Rxc4 Rc7 43. Rxc7+ Nxc7 44. Kf3 Kf6 45. Ke4 Ke6 46. c4 a5 47. Kd4 Na6 48. c5 Nb4 49. Kc4 Nc6 50. Be3 Ke5 51. Bf4+ Ke4 52. Bd2 a4 53. Bc1 Ne5+ 54. Kb5 Kd5 55. Ba3 g5 56. Kxa4 h4 57. gxh4 gxh4 58. Bc1 Kxc5 59. Bf4 Kd4 60. Kb3 Ke4 61. Bh2 Ng4 62. Bb8 h3 63. Bg3 Kf3 64. Bb8 Ne3 65. Kc3 Nd5+ 0-1

[Event "Albert Boxer Classic"]
[Site "Winnipeg CAN"]
[Date "1997.08.30"]
[Round "2"]
[White "Zinderine, Geoff"]
[Black "Shpan, Mike"]
[Result "0-1"]
[WhiteElo "1654"]
[BlackElo "1799"]
[PlyCount "62"]
[GameId "2160767911932109"]
[EventDate "1997.08.30"]
[EventType "swiss"]
[EventRounds "6"]
[EventCountry "CAN"]

1. e4 e5 2. f4 Nc6 3. Nf3 d6 4. Bc4 Bg4 5. c3 exf4 6. d4 g5 7. O-O Bh5 8. Qb3 Na5 9. Qa4+ c6 10. d5 Bxf3 11. Rxf3 Nxc4 12. dxc6 Qb6+ 13. Kh1 Qxc6 14. Qc2 Ne5 15. Rf2 Nf6 16. Nd2 Nfg4 17. Re2 Ne3 18. Qb3 Qa6 19. c4 N3xc4 20. Nxc4 Qxc4 21. Qd1 Qd3 22. Bd2 Rc8 23. Bc3 Qxd1+ 24. Rxd1 f6 25. Rf2 Kf7 26. h4 h6 27. Bb4 Rc6 28. b3 Be7 29. Rfd2 Ke6 30. Rd4 Ng4 31. Be1 Rhc8 0-1

[Event "Albert Boxer Classic"]
[Site "Winnipeg CAN"]
[Date "1997.08.31"]
[Round "3"]
[White "Hanrahan, Nigel"]
[Black "Williams, Brian"]
[Result "0-1"]
[WhiteElo "1662"]
[BlackElo "1768"]
[PlyCount "86"]
[GameId "2160767911932110"]
[EventDate "1997.08.30"]
[EventType "swiss"]
[EventRounds "6"]
[EventCountry "CAN"]

1. e4 e6 2. d4 d5 3. exd5 exd5 4. Bd3 Nf6 5. Bf4 Be6 6. c3 Bd6 7. Bxd6 Qxd6 8. Nf3 Nbd7 9. h3 O-O-O 10. O-O Ne4 11. Bxe4 dxe4 12. Ng5 f5 13. Nxe6 Qxe6 14. Qe2 Nf6 15. f3 Rde8 16. fxe4 Nxe4 17. Nd2 Qd5 18. Qf3 g6 19. Nxe4 Qxe4 20. Qxe4 Rxe4 21. Rae1 Rhe8 22. Rxe4 Rxe4 23. Rf2 Kd7 24. Kf1 Kd6 25. Re2 Kd5 26. b3 g5 27. Rxe4 Kxe4 28. Ke2 h5 29. g3 f4 30. gxf4 Kxf4 31. Kf2 Ke4 32. d5 Kxd5 33. Ke3 Ke5 34. Kf3 Kf5 35. a3 g4+ 36. hxg4+ hxg4+ 37. Kg3 Ke4 38. Kxg4 Kd3 39. c4 Kc3 40. c5 Kxb3 41. Kf5 Kxa3 42. Ke6 Kb4 43. Kd7 Kxc5 0-1

[Event "Albert Boxer Classic"]
[Site "Winnipeg CAN"]
[Date "1997.08.31"]
[Round "3"]
[White "Hassain, Mahmud"]
[Black "Roque, Rodolfo"]
[Result "1/2-1/2"]
[WhiteElo "1894"]
[BlackElo "2043"]
[PlyCount "92"]
[GameId "2160767911932111"]
[EventDate "1997.08.30"]
[EventType "swiss"]
[EventRounds "6"]
[EventCountry "CAN"]

1. e4 d6 2. d4 Nd7 3. c4 Ngf6 4. Nc3 e5 5. d5 Be7 6. Nf3 c6 7. Be2 Nf8 8. dxc6 bxc6 9. O-O Ng6 10. Ne1 Nf4 11. Bxf4 exf4 12. Qd2 g5 13. Rd1 Qc7 14. Nf3 Nd7 15. Nd4 Ne5 16. Nf5 Bxf5 17. exf5 O-O 18. Ne4 Nd7 19. Nxd6 Rad8 20. Ne4 Qe5 21. Nc3 Qxf5 22. Bd3 Qg4 23. Qe2 Qxe2 24. Bxe2 f5 25. Rd2 Ne5 26. Rfd1 Kf7 27. Bd3 Kg6 28. a3 g4 29. Ne2 Kg5 30. Bc2 c5 31. b3 Rxd2 32. Rxd2 Rd8 33. Rxd8 Bxd8 34. Nc3 Nc6 35. Nb5 Kf6 36. Kf1 Ke6 37. Ke2 a6 38. Nc3 f3+ 39. gxf3 gxf3+ 40. Kf1 Nd4 41. Bd1 Ke5 42. b4 cxb4 43. axb4 Bg5 44. b5 axb5 45. Nxb5 Kf4 46. h3 Bh4 1/2-1/2

[Event "Albert Boxer Classic"]
[Site "Winnipeg CAN"]
[Date "1997.08.31"]
[Round "3"]
[White "Khedkar, Jay"]
[Black "Baragar, Fletcher"]
[Result "1/2-1/2"]
[WhiteElo "1974"]
[BlackElo "2357"]
[PlyCount "105"]
[GameId "2160767911932112"]
[EventDate "1997.08.30"]
[EventType "swiss"]
[EventRounds "6"]
[EventCountry "CAN"]

1. e4 e6 2. d4 d5 3. Nd2 a6 4. Ngf3 c5 5. Be2 Nc6 6. exd5 Qxd5 7. Bc4 Qd8 8. dxc5 Bxc5 9. O-O Nf6 10. Nb3 Qxd1 11. Rxd1 Ba7 12. Bg5 h6 13. Bh4 g5 14. Bg3 Ne4 15. Nbd4 Nxd4 16. Nxd4 Nxg3 17. hxg3 Bd7 18. Rd2 Rc8 19. Bb3 Ke7 20. Rad1 Rc7 21. c3 Rhc8 22. Nf3 Be8 23. Ne5 a5 24. Bc2 b5 25. Bd3 Rd8 26. Be2 Rxd2 27. Rxd2 f6 28. Nf3 e5 29. Kf1 Rd7 30. Rxd7+ Bxd7 31. Bd3 Kd6 32. Nd2 f5 33. f3 Bb6 34. Ke2 h5 35. Nf1 h4 36. gxh4 gxh4 37. Ne3 Bxe3 38. Kxe3 f4+ 39. Ke2 Kc5 40. Be4 Be6 41. a3 Kc4 42. Bc2 Bd5 43. Kf2 Bc6 44. Ke2 Be8 45. Kd2 Bh5 46. b3+ Kc5 47. Be4 Bf7 48. b4+ Kb6 49. Ke2 Bc4+ 50. Bd3 Bd5 51. Kf2 axb4 52. axb4 Be6 53. Ke2 1/2-1/2

[Event "Albert Boxer Classic"]
[Site "Winnipeg CAN"]
[Date "1997.08.31"]
[Round "3"]
[White "Repa, Jason"]
[Black "Shpan, Mike"]
[Result "1-0"]
[WhiteElo "1960"]
[BlackElo "1799"]
[PlyCount "127"]
[GameId "2160767911932113"]
[EventDate "1997.08.30"]
[EventType "swiss"]
[EventRounds "6"]
[EventCountry "CAN"]

1. f4 Nf6 2. e3 d6 3. Nf3 Nc6 4. b3 Bg4 5. Bb5 e5 6. Bxc6+ bxc6 7. fxe5 dxe5 8. h3 Bxf3 9. Qxf3 e4 10. Qf2 Qd6 11. Bb2 Be7 12. Nc3 O-O 13. O-O Qe5 14. Na4 Qg5 15. Qf5 Qg6 16. Qxg6 fxg6 17. Bd4 Nd7 18. Nb2 c5 19. Bc3 Rf5 20. g4 Rf3 21. Kg2 Raf8 22. Rxf3 exf3+ 23. Kg3 Bd6+ 24. Kf2 h5 25. d3 h4 26. Kg1 Bg3 27. Rf1 Rf7 28. e4 Nf8 29. Bd2 Ne6 30. Be3 Be5 31. Nc4 Bd4 32. Bxd4 cxd4 33. Ne5 f2+ 34. Rxf2 Rxf2 35. Kxf2 Nf4 36. Nf3 Nxh3+ 37. Kf1 g5 38. Nxd4 Kf7 39. Nb5 Ke6 40. Nxc7+ Ke5 41. Nd5 Nf4 42. b4 Ne6 43. a4 Nd4 44. c3 Nc6 45. b5 Na5 46. c4 Kd4 47. Nc7 Kxd3 48. e5 Nxc4 49. e6 Ne3+ 50. Kg1 Nxg4 51. e7 Nf6 52. a5 Kc4 53. b6 Kc5 54. bxa7 Kc6 55. a8=Q+ Kxc7 56. e8=N+ Kd7 57. Nxf6+ gxf6 58. a6 Ke6 59. Qc8+ Ke5 60. a7 Kf4 61. a8=Q g4 62. Qd5 Kg3 63. Qc7+ Kh3 64. Qg2# 1-0

[Event "Albert Boxer Classic"]
[Site "Winnipeg CAN"]
[Date "1997.08.31"]
[Round "3"]
[White "Schulz, Waldemar"]
[Black "Barg, Andrew"]
[Result "1-0"]
[WhiteElo "2024"]
[BlackElo "1836"]
[PlyCount "109"]
[GameId "2160767911932114"]
[EventDate "1997.08.30"]
[EventType "swiss"]
[EventRounds "6"]
[EventCountry "CAN"]

1. Nf3 Nf6 2. g3 g6 3. Bg2 Bg7 4. O-O O-O 5. c4 d6 6. d4 Nbd7 7. Nc3 Rb8 8. e4 a6 9. a4 b6 10. Qe2 Bb7 11. Ra3 e5 12. d5 Bc8 13. Bg5 h6 14. Bd2 Nh5 15. Nh4 Nc5 16. b4 Nb7 17. Rb1 Bd7 18. Be3 a5 19. Nb5 axb4 20. Rxb4 Ra8 21. Rb2 Bxb5 22. cxb5 Nc5 23. Bxc5 bxc5 24. a5 Nf6 25. Rba2 Nd7 26. Bh3 Qe7 27. Ng2 Rfb8 28. Ne3 Rb7 29. Rb3 Rba7 30. Bxd7 Qxd7 31. Nc4 Rb8 32. Rab2 Rab7 33. a6 Ra7 34. Na5 Rb6 35. Nc6 Ra8 36. Ra2 Kh7 37. Kg2 f5 38. f3 g5 39. exf5 Qxf5 40. Qe4 Qg6 41. a7 Bf6 42. g4 Kg7 43. Qxg6+ Kxg6 44. Ra4 Kf7 45. Kf2 Rb7 46. Ke3 Kg6 47. Ke4 Rb6 48. Rb1 Bg7 49. Ra6 Kf6 50. Rxb6 cxb6 51. Ra1 Kf7 52. Ra6 c4 53. Rxb6 c3 54. Kd3 e4+ 55. fxe4 1-0

[Event "Albert Boxer Classic"]
[Site "Winnipeg CAN"]
[Date "1997.08.31"]
[Round "3"]
[White "Tessier, Bob"]
[Black "Lipnowski, Samuel"]
[Result "0-1"]
[WhiteElo "1498"]
[BlackElo "1675"]
[PlyCount "58"]
[GameId "2160767911932115"]
[EventDate "1997.08.30"]
[EventType "swiss"]
[EventRounds "6"]
[EventCountry "CAN"]

1. e4 c5 2. a3 e6 3. Nc3 a6 4. Nce2 Be7 5. g3 Nc6 6. Bg2 Nf6 7. f4 d6 8. Nf3 Qc7 9. d3 O-O 10. O-O Bd7 11. h3 c4 12. Be3 Rac8 13. g4 cxd3 14. cxd3 g6 15. Rc1 Qb8 16. Ng3 Be8 17. Nd4 Nxd4 18. Bxd4 Rxc1 19. Qxc1 Bb5 20. Qe3 Rc8 21. f5 e5 22. Bc3 d5 23. d4 exd4 24. Bxd4 Bxf1 25. Bxf1 dxe4 26. Bc3 Bc5 27. Bd4 Bxd4 28. Qxd4 Qxg3+ 29. Bg2 Rc1+ 0-1